| 000 | 00430nam a2200169Ia 4500 | ||
|---|---|---|---|
| 008 | 170705s9999 xx 000 0 und d | ||
| 020 | _a9780545496674 | ||
| 245 | _aDon't call me pruneface! / | ||
| 245 | _cJanet Reed Ahearn ; illustrated by Drazen Kozjan. | ||
| 260 | _aNew York : | ||
| 260 | _bScholastic, | ||
| 260 | _c2010 | ||
| 300 | _aunpaged : | ||
| 300 | _bcolor illustration ; | ||
| 300 | _c28cm. | ||
| 500 | _a400 | ||
| 999 |
_c335656 _d335656 |
||